LDR 01044naa#a2200193#i#450# 001 RU\\bibl\120830 005 20260429123315.3 011 ## _a2223-4608 100 ## _a20260430b2026####ek#y0rusy0150####ca 102 ## _aRU 200 1# _aВлияние межэлектродной среды и энергетических параметров на формируемое покрытие при механизированной электроискровой обработке _eЖурнальная статья 210 1# _aБрянск _cБрянский государственный технический университет _d2026 215 ## _a11 с. 608 ## _aЖурнальная статья _2local 675 ## _aЭлектроэрозионная (электроискровая) обработка. 621.9.048.4 _z 700 #1 _aЖулдыбин _gАндрей Аркадьевич 700 #1 _aВладимиров _gАлександр Андреевич 700 #1 _aШаповалов _gАнтон Иванович 856 4# _abstu.editorum.ru _u